00653nam a2200241 a 4500001001300000003000900013005001700022008004100039020001000080082001300090100001400103245003000117260004300147300000800190500003500198505001000233650001000243700001400253902000800267942000700275952011400282999001500396nice12345678IN_TiNIC20260116012624.0050524s1973 asia grp 000 0 eng  ac10000a245bLOH aLoh, I-To aNew Songs of Asian Cities aAsiabUrban Industrial Committeec1973 a98p aincludes index and biblioraphy2 aIndex aHymns1 aLoh, I-To bSRS cBK 001040708StackRoom-aHMIbHMId2007-07-05g100.00l0o245 LOHp012649r2007-07-05v100.00w2005-05-24yBK c7703d7703